[Event "Pinneberg-ch"]
[Site "Pinneberg"]
[Date "2016.10.06"]
[Round "6"]
[White "Luettig, Hendrik"]
[Black "Borchert, Soenke"]
[Result "1-0"]
[WhiteElo "1477"]
[BlackElo "793"]
[PlyCount "97"]
[EventDate "2016.09.01"]
[EventType "swiss"]
[EventRounds "7"]
[EventCountry "GER"]
[SourceTitle "EXT 2018"]
[Source "ChessBase"]
[SourceDate "2017.10.13"]
[SourceVersion "1"]
[SourceVersionDate "2017.10.13"]
[SourceQuality "1"]

1. c4 e5 2. Nc3 c6 3. e4 Nf6 4. Nf3 Bd6 5. Be2 g6 6. d3 0-0 7. Bh6 Re8 8. 0-0 Ng4 9. Qc1 Be7 10. h3 Nxh6 11. Qxh6 g5 12. Nh2 Bf8 13. Qh5 Re6 14. Bd1 d6 15. Qe2 c5 16. Qd2 Nc6 17. Bg4 Nd4 18. Bxe6 Bxe6 19. Ne2 Rc8 20. Nxd4 cxd4 21. b4 f6 22. Rfc1 Bh6 23. a4 Qf8 24. g4 Rc6 25. a5 b6 26. b5 Rc8 27. axb6 axb6 28. Ra6 Qd8 29. Nf1 Bf8 30. Ng3 Rc5 31. Ne2 d5 32. cxd5 Bxd5 33. Rxc5 bxc5 34. exd5 Be7 35. Qa2 Kg7 36. Ra8 Qb6 37. Qa6 Bd8 38. Qxb6 Bxb6 39. Ra6 Bd8 40. b6 c4 41. dxc4 d3 42. Nc3 Be7 43. Ra7 Kf7 44. Rxe7+ Kxe7 45. b7 Kf7 46. b8Q Kg6 47. Qg8+ Kh6 48. Qf7 d2 49. Qxf6# 1-0

[Event "Pinneberg-ch"]
[Site "Pinneberg"]
[Date "2016.09.22"]
[Round "4"]
[White "Kronenthal, Linda"]
[Black "Borchert, Soenke"]
[Result "1-0"]
[WhiteElo "1259"]
[BlackElo "793"]
[PlyCount "39"]
[EventDate "2016.09.01"]
[EventType "swiss"]
[EventRounds "7"]
[EventCountry "GER"]
[SourceTitle "EXT 2018"]
[Source "ChessBase"]
[SourceDate "2017.10.13"]
[SourceVersion "1"]
[SourceVersionDate "2017.10.13"]
[SourceQuality "1"]

1. d4 e6 2. c4 d5 3. Nf3 dxc4 4. e4 Nf6 5. Nc3 Bd7 6. Bxc4 Nc6 7. 0-0 Na5 8. Bd3 Rb8 9. Qc2 g6 10. Bg5 b5 11. e5 Be7 12. exf6 Bf8 13. a3 h6 14. Bf4 Qxf6 15. Be5 Qe7 16. Bxh8 f6 17. Bxg6+ Kd8 18. Rfe1 b4 19. Nd5 b3 20. Qxc7# 1-0

[Event "Pinneberg-ch"]
[Site "Pinneberg"]
[Date "2015.09.10"]
[Round "3"]
[White "Borchert, Soenke"]
[Black "Linke, Harry"]
[Result "0-1"]
[WhiteElo "750"]
[BlackElo "1535"]
[PlyCount "28"]
[EventDate "2015.08.28"]
[EventType "swiss"]
[EventRounds "7"]
[EventCountry "GER"]
[SourceTitle "EXT 2017"]
[Source "ChessBase"]
[SourceDate "2016.10.25"]
[SourceVersion "1"]
[SourceVersionDate "2016.10.25"]
[SourceQuality "1"]

1. e3 e5 2. b3 d5 3. Nc3 Nf6 4. Nf3 Bd6 5. Bb5+ c6 6. Be2 0-0 7. 0-0 b5 8. a3 a5 9. d4 e4 10. Nd2 Qc7 11. f3 Bxh2+ 12. Kh1 Qg3 13. fxe4 Bh3 14. Rf3 Qxg2# 0-1

[Event "Pinneberg-ch"]
[Site "Pinneberg"]
[Date "2015.09.03"]
[Round "2"]
[White "Tiedjens, Jan Peter"]
[Black "Borchert, Soenke"]
[Result "0-1"]
[WhiteElo "785"]
[BlackElo "750"]
[PlyCount "66"]
[EventDate "2015.08.28"]
[EventType "swiss"]
[EventRounds "7"]
[EventCountry "GER"]
[SourceTitle "EXT 2017"]
[Source "ChessBase"]
[SourceDate "2016.10.25"]
[SourceVersion "1"]
[SourceVersionDate "2016.10.25"]
[SourceQuality "1"]

1. d4 e6 2. Nf3 c6 3. e4 b6 4. Nc3 Nf6 5. Bd3 Bd6 6. Be3 0-0 7. 0-0 Re8 8. e5 Ng4 9. Bg5 f6 10. Bh4 b5 11. exd6 Qb6 12. Ne4 f5 13. Neg5 Na6 14. h3 Nb4 15. Be2 Nf6 16. Ne5 c5 17. Ngf3 Qxd6 18. Bxb5 cxd4 19. Re1 a6 20. Bd3 Nxd3 21. Qxd3 a5 22. a3 Ba6 23. Qd2 Ne4 24. Qxa5 Rac8 25. Rec1 Rc5 26. Qe1 Rxe5 27. Bg3 Nxg3 28. Nxe5 Ne2+ 29. Kh2 Qxe5+ 30. g3 Rb8 31. Rab1 Qe4 32. Qd2 Bb7 33. Re1 Qg2# 0-1